Últimos colocados da Copa do Mundo da FIFA - Statistics

Estatísticas Gerais
  • Esse quiz foi jogado 30 vezes
  • A pontuação média é 16 de 22
Estatísticas das Respostas
Ano Sedes Equipe % Correto
2022 Catar Catar
100%
1934 Itália Estados Unidos
96%
1998 França Estados Unidos
96%
2010 África do Sul Coreia do Norte
85%
1950 Brasil Bolívia
81%
1930 Uruguai México
81%
1958 Suécia México
81%
1978 Argentina México
81%
2018 Rússia Panamá
77%
1974 Alemanha Ocidental Zaire
77%
1986 México Canadá
73%
2002 Coreia do Sul e Japão Arábia Saudita
69%
1954 Suíça Coreia do Sul
69%
1970 México El Salvador
69%
1982 Espanha El Salvador
69%
2014 Brasil Camarões
58%
1938 França Áustria
54%
1990 Itália Emirados Árabes Unidos
54%
1994 Estados Unidos Grécia
54%
2006 Alemanha Sérvia e Montenegro
54%
1962 Chile Suíça
54%
1966 Inglaterra Suíça
54%
Nenhum quiz correspondente encontrado
Distribuição das Pontuações
Porcentagem de Pessoas com Cada Pontuação
Percentil de Números Respondidos
Sua Pontuação Histórica
Você não jogou esse quiz